The republic
The book discusses the nature and meaning of justice, and of the ideal state and its ruler. All subsequent European thinking about these subjects owes its character, directly or indirectly, to this most famous and most accessible of the Platonic dialogues, and the progress, development, and eventual...
Na minha lista:
| Autor principal: | |
|---|---|
| Formato: | Livro |
| Idioma: | Undetermined |
| Publicado em: |
New York
Alfred A. Knoff
1992
|
| Assuntos: | |
| Tags: |
Adicionar Tag
Sem tags, seja o primeiro a adicionar uma tag!
|
| Thư viện lưu trữ: | Trung tâm Học liệu Trường Đại học Cần Thơ |
|---|
| LEADER | 00887nam a2200193Ia 4500 | ||
|---|---|---|---|
| 001 | CTU_18381 | ||
| 008 | 210402s9999 xx 000 0 und d | ||
| 082 | |a 321.07 | ||
| 082 | |b P718 | ||
| 100 | |a Plato | ||
| 245 | 4 | |a The republic | |
| 245 | 0 | |c Plato, Alexander Dunlop Lindsay | |
| 260 | |a New York | ||
| 260 | |b Alfred A. Knoff | ||
| 260 | |c 1992 | ||
| 520 | |a The book discusses the nature and meaning of justice, and of the ideal state and its ruler. All subsequent European thinking about these subjects owes its character, directly or indirectly, to this most famous and most accessible of the Platonic dialogues, and the progress, development, and eventual triumph of the spirit of reason itself would be unimaginable without it | ||
| 650 | |a political science - early works to 1800,utopias | ||
| 904 | |i Minh, 970911 | ||
| 980 | |a Trung tâm Học liệu Trường Đại học Cần Thơ | ||